000 00595nam a2200193Ia 4500
005 20260114185849.0
008 008 260114s9999 xx 000 0 eng d
020 _a9781350174207
037 _aEBOOK
040 _aCRL
_beng
_cCRL
041 _aeng
_2eng
084 _qCRL
100 _aDouglas L. Berger
_9875351
245 0 _aIndian and Intercultural Philosophy Personhood, Consciousness, and Causality
260 _bBloomsbury
_c2021
856 _uhttps://doi.org/10.5040/9781350174207?locatt=label:secondary_bloomsburyCollections
942 _cEBOOK
999 _c1474285
_d1474285